Enhancing architectural drawings and models with photoshop / (Record no. 20732)
[ view plain ]
| 000 -LEADER | |
|---|---|
| fixed length control field | 02876cam a22003975a 4500 |
| 001 - CONTROL NUMBER | |
| control field | 015659378 |
| 003 - CONTROL NUMBER IDENTIFIER | |
| control field | EG-ScBUE |
| 005 - DATE AND TIME OF LATEST TRANSACTION | |
| control field | 20220918093430.0 |
| 006 - FIXED-LENGTH DATA ELEMENTS--ADDITIONAL MATERIAL CHARACTERISTICS--GENERAL INFORMATION | |
| fixed length control field | m||||fq||h 00| 0 |
| 008 - FIXED-LENGTH DATA ELEMENTS--GENERAL INFORMATION | |
| fixed length control field | 101028t2011 njua f 001 0 eng d |
| 020 ## - INTERNATIONAL STANDARD BOOK NUMBER | |
| International Standard Book Number | 9780470916568 (pbk.) |
| 020 ## - INTERNATIONAL STANDARD BOOK NUMBER | |
| International Standard Book Number | 0470916567 (pbk.) |
| 040 ## - CATALOGING SOURCE | |
| Original cataloging agency | StDuBDS |
| Language of cataloging | eng |
| Description conventions | rda |
| Transcribing agency | StDuBDS |
| Modifying agency | Uk |
| -- | EG-ScBUE |
| 082 04 - DEWEY DECIMAL CLASSIFICATION NUMBER | |
| Classification number | 720.285 |
| Item number | ONS |
| Edition number | 22 |
| 100 1# - MAIN ENTRY--PERSONAL NAME | |
| Personal name | Onstott, Scott, |
| Relator term | author. |
| 9 (RLIN) | 38881 |
| 245 10 - TITLE STATEMENT | |
| Title | Enhancing architectural drawings and models with photoshop / |
| Statement of responsibility, etc | Scott Onstott. |
| 264 #1 - PUBLICATION, DISTRIBUTION, ETC. (IMPRINT) | |
| Place of publication, distribution, etc | Hoboken : |
| Name of publisher, distributor, etc | John Wiley & Sons, |
| Date of publication, distribution, etc | [2011] |
| 264 #4 - PUBLICATION, DISTRIBUTION, ETC. (IMPRINT) | |
| Date of publication, distribution, etc | c2011 |
| 300 ## - PHYSICAL DESCRIPTION | |
| Extent | xviii, 341 pages : |
| Other physical details | illustrations (some color) ; |
| Dimensions | 24 cm + |
| Accompanying material | 1 DVD |
| 336 ## - CONTENT TYPE | |
| Source | rdacontent |
| Content type term | text |
| Content type code | txt |
| 336 ## - CONTENT TYPE | |
| Source | rdacontent |
| Content type term | spoken word |
| Content type code | spw |
| 337 ## - MEDIA TYPE | |
| Source | rdamedia |
| Media type term | unmediated |
| Media type code | n |
| 337 ## - MEDIA TYPE | |
| Source | rdamedia |
| Media type term | video |
| Media type code | v |
| 338 ## - CARRIER TYPE | |
| Source | rdacarrier |
| Carrier type term | volume |
| Carrier type code | nc |
| 338 ## - CARRIER TYPE | |
| Source | rdacarrier |
| Carrier type term | videodisc |
| Carrier type code | vd |
| 500 ## - GENERAL NOTE | |
| General note | Includes index.<br/> |
| 505 8# - FORMATTED CONTENTS NOTE | |
| Formatted contents note | Chapter 1: Working with Plans and Elevations -- Chapter 2: Stretching the Photographic Truth -- Chapter 3: Creating Texture Maps -- Chapter 4: Crafting Interactive Panoramas -- Chapter 5: Shooting Multiple Exposures -- Chapter 6: Compositing Imagery from 3D Applications --- Chapter 7: Working with Imported 3D Models -- Chapter 8: Illustrating 3D Models 2 -- Chapter 9: Integrating 3D Models with Photos -- Chapter 10: Playing with Depth Perception -- Chapter 11: Animating with Photoshop. |
| 520 ## - SUMMARY, ETC. | |
| Summary, etc | "Transform your CAD drawings into powerful presentation This one-of-a-kind book shows you how to use Photoshop to turn CAD drawings and BIM models into artistic presentations with captivating animations, videos, and dynamic 3D imagery. The techniques apply to all leading architectural design software including AutoCAD, Revit, and 3ds Max Design. Video tutorials on the DVD improve your learning curve and let you compare your work with the author's. Turn CAD drawings and BIM models into powerful presentations featuring animation, videos, and 3D imagery for enhanced client appeal Craft interactive panoramas for your Web site, add people and objects to your models, and integrate 3D object models inside architectural interiors Build 3D models from photos and turn them into videos with AfterEffects, add depth of field and atmospheric effects to 3D models, create stereographic images, and much more See how it's done with the video tutorials on the DVD Take full advantage of Photoshop's power to present your architectural drawings in a new and exciting way."--Provided by publisher. |
| 630 07 - SUBJECT ADDED ENTRY--UNIFORM TITLE | |
| Uniform title | Adobe Photoshop. |
| Source of heading or term | BUEsh |
| 9 (RLIN) | 37025 |
| 650 #7 - SUBJECT ADDED ENTRY--TOPICAL TERM | |
| Topical term or geographic name as entry element | Architectural drawing |
| General subdivision | Computer-aided design. |
| Source of heading or term | BUEsh |
| 9 (RLIN) | 25994 |
| 650 #7 - SUBJECT ADDED ENTRY--TOPICAL TERM | |
| Topical term or geographic name as entry element | Architectural models |
| General subdivision | Computer simulation. |
| Source of heading or term | BUEsh |
| 651 ## - SUBJECT ADDED ENTRY--GEOGRAPHIC NAME | |
| Source of heading or term | BUEsh |
| 653 ## - INDEX TERM--UNCONTROLLED | |
| Resource For college | Engineering, Architecture |
| Arrived date list | August2015 |
| -- | December2015 |
| 655 ## - INDEX TERM--GENRE/FORM | |
| Form subdivision | Reading book |
| 9 (RLIN) | 34232 |
| 942 ## - ADDED ENTRY ELEMENTS (KOHA) | |
| Source of classification or shelving scheme | Dewey Decimal Classification |
| Koha item type | Book - Borrowing |
| Withdrawn status | Lost status | Source of classification or shelving scheme | Damaged status | Not for loan | Collection code | Home library | Current library | Shelving location | Date acquired | Source of acquisition | Cost, normal purchase price | Serial Enumeration / chronology | Total Checkouts | Total Renewals | Full call number | Barcode | Date last seen | Date checked out | Cost, replacement price | Koha item type |
|---|---|---|---|---|---|---|---|---|---|---|---|---|---|---|---|---|---|---|---|---|
| Dewey Decimal Classification | Baccah | Central Library | Central Library | Second Floor | 30/08/2015 | Purchase | 331.00 | 23317 | 1 | 7 | 720.285 ONS | 000039748 | 15/07/2025 | 10/10/2021 | 413.00 | Book - Borrowing | ||||
| Dewey Decimal Classification | Baccah | Central Library | Central Library | Second Floor | 30/08/2015 | Purchase | 331.00 | 23317 | 720.285 ONS | 000039747 | 24/08/2022 | 413.00 | CD | DVD - With book |